00518nam a2200169Ia 4500003000900000008004100009040001600050080001200066100001900078245013200097260003500229300001800264650001300282650001400295650001700309650002200326IN-BaIIA211028s9999 xx 000 0 eng d cIIA Library a52bMIT aMitchel, O. M. 4aThe planetary and stellar worldsba popular exposition of the great discoveries and theories of modern astronomycO. M. Mitchel aLondonbPatridge & Oakeyc1852 axvi, 17-336p. aArchives aAstronomy aAstrophysics aPlanetary Systems